00442nam a2200181Ia 4500008004100000020001800041245004100059245001900100260001500119260002200134260000900156300001500165300002500180300001100205440001700216500000800233999001900241170705s9999 xx 000 0 und d a9780531212424 4aThe Spanish missions of New Mexico / cby Robin Lyon. aNew York : bChildren's Press, c2010 a48 pages : bcolor illustration ; c21 cm. aA true book. a930 c337063d337063